O caso Lula A luta pela afirmaȯ̂ dos direitos fundamentais no Brasil /

Bibliographic Details
Main Author: Valim, Rafael
Other Authors: Zanin Martins, Cristiano, Teixeira Zanin Martins, Valeska
Format: eBook
Language:Portuguese
Published: San Pablo: Editora ContraCorrente, 2017
Subjects:
Online Access:Acceso restringido

MARC

LEADER 00000nam a22000007a 4500
005 20191011002543.0
007 cr|||| ||||
008 191011s2017 br |||||s|||| 00||0 por d
020 |a 978-85-69220-19-0 
035 |a 30526 
040 |a vLex 
090 |c 9795  |d 9795 
100 1 |a Valim, Rafael 
245 1 1 |a O caso Lula  |h [Recurso electrn̤ico] :  |b A luta pela afirmaȯ̂ dos direitos fundamentais no Brasil /  |c Rafael Valim, Cristiano Zanin Martins, Valeska Teixeira Zanin Martins 
256 |a Servicio en ln̕ea 
260 |a San Pablo:  |b Editora ContraCorrente,  |c 2017 
300 |a 1 recurso electrn̤ico 
506 1 |a Disponible solo en los productos indicados  |d vLex Global  |d vLex Global (Academic Edition, excluding Law Schools)  |d vLex Global (U.S. Academic Edition, Law Schools)  |d vLex Global (U.S. Academic Edition, excluding Law Schools)  |d vLex Global (Academic Edition, Law Schools) 
650 0 4 |a Derecho Pb︢lico y Administrativo  |z Brasil 
650 0 4 |a Derecho Internacional  |z Brasil 
700 1 |a Zanin Martins, Cristiano 
700 1 |a Teixeira Zanin Martins, Valeska 
740 0 |a vLex Libros (Servicio en ln̕ea) 
856 4 0 |u http://vlex.com/source/caso-lula-luta-afirma-o-direitos-fundamentais-brasil-30526  |z Acceso restringido 
942 |c BOOK 
999 0 |a Public and Administrative Law 
999 0 |a International Law